000 00442nam a2200193Ia 4500
999 _c26777
_d26777
003 0100
005 20190702102336.0
008 130303s9999 xx 000 0 und d
020 _a0198771029
040 _cARRUPELIB
050 _aHC517.K4H39
100 _aHazlewood, Arthur
_946752
245 4 _aThe economy of Kenya
245 _bthe Kenyatta era
260 _aOxford
_bOxford University Press
_c1975
300 _a231p.
300 _b 22cm
650 _aKenya
_xEconomic conditions
_946753
650 _aKenya
_xPolitics
_923120
650 _aKenya
_xSocial conditions
_946754
942 _2lcc
_cMONOGRAPH